000 00516nam a2200169 4500
001 131739
003 ES-MaACL
007 t|
008 070214s1943 sp r ||||1| spa d
100 1 _aRoempp, Hermann.
_998907
245 1 0 _aQuímica inorgánica experimental /
_cHermann Roempp ; traducción española de Casimiro Busquets.
250 _a1ª. ed.
260 _aBarcelona :
_bArs,
_c1943.
300 _a250 p. :
_bil. ;
_c21 cm.
700 1 _aBusquets, Casimiro.
_932836
852 _aES-MaACL
_jE-1902
_bR.22882
999 _c131739
_d131739